000 00624cam a2200181 4500
001 ABS62154
008 000000n2000 000 0 eng u
035 _a(Sirsi) u105697
100 _aHasan, I.
245 _aCome back 1984 Act
260 _c2000
490 _aSolicitors' Journal
_v144(14) 14 April 2000, 350-351(2)
520 _aDiscusses the Data Protection Act 1998 and how this will impact on the way all organisations including local authorities process data relating to individuals. Diagram.
590 _aABS
650 _aDATA PROTECTION ACT 1998
690 _aMANAGEMENT-BUSINESS MANAGEMENT
942 _n0
999 _c63301
_d63301